000 00466 a2200193 4500
005 20250108143228.0
008 240724b |||||||| |||| 00| 0 eng d
020 _a9788192054964
_cRs. 795.00
040 _aMAIN
082 _a181.45
_bP565A
100 _aPhogat, Sonu
245 _aAshtanga yoga
260 _bRaghav Publications
_c2022
_aNew Delhi
300 _a244
650 _aPhilosophy
650 _aYoga
650 _aAshtanga Yoga
942 _cBK
999 _c310445
_d310445